Gandhi and Ambedkar life and works / (Record no. 103671)

MARC details
000 -LEADER
fixed length control field 00584nam a22001937a 4500
005 - DATE AND TIME OF LATEST TRANSACTION
control field 20160927121711.0
010 ## - LCCN (DPL NO)
LC control number ENG-116110
020 ## - INTERNATIONAL STANDARD BOOK NUMBER
International Standard Book Number 9789381839317
Terms of availability 895.00
035 ## - SYSTEM CONTROL NUMBER
System control number EN-99642
037 ## - SOURCE OF ACQUISITION
Source of stock number/acquisition DBAD/PUb
082 ## - DEWEY DECIMAL CLASSIFICATION NUMBER
Classification number 654.084092
100 ## - MAIN ENTRY--PERSONAL NAME
Personal name Bhati,Himani
245 ## - TITLE STATEMENT
Title Gandhi and Ambedkar life and works /
Statement of responsibility, etc by Himani Bhati
260 ## - PUBLICATION, DISTRIBUTION, ETC. (IMPRINT)
Place of publication, distribution, etc New Delhi
Name of publisher, distributor, etc Avon Publications
Date of publication, distribution, etc 2014
270 ## - ADDRESS
Address 5A-12 Ground Floor,Ansari Road,Daryaganj
City New Delhi
Postal code 110002
300 ## - PHYSICAL DESCRIPTION
Extent viii,197p.
Dimensions 22cm(Hb)
500 ## - GENERAL NOTE
General note Includes index
942 ## - ADDED ENTRY ELEMENTS (KOHA)
Source of classification or shelving scheme Dewey Decimal Classification
Item type English Books
Classification part 954.084092
Call number suffix BHA
Holdings
Withdrawn status Lost status Not for loan Collection code Home library Current library Date acquired Source of acquisition Cost, normal purchase price Full call number Barcode Copy number Cost, replacement price Koha item type
      Non-fiction Bawana Bawana 27/09/2016 DBAD/PUB 895.00 954.084092 BHA EN-99642 1 895.00 English Books

© Delhi Public Library
Hit Counter
free hit counter